000 00789nam a2200229 a 4500
001 000045122
005 20201002045909.0
008 150204s2003 dr a 000 0 spa d
020 _a9592094810
040 _aDO-SdBNP
_bspa
_cBNPHU
082 _axxxx
_bxxxx
100 1 _aCarrón, Lorelay
_973010
245 1 0 _aBajo el resplandor de la luna :
_bEl rey ratón /
_cLorelay Carrón, Teresa Cardenas ; ilustraciones Rosa Salgado.
260 _aSanto Domingo :
_bFerilibro,
_c2003.
300 _a[12], [12] p. :
_bil. ;
_c14 cm.
490 1 _aDienteleche
563 _aDos obras encuadernadas juntas con paginación invertida.
740 0 2 _aEl rey ratón /
700 1 2 _aSalgado, Rosa,
_eil.
_973140
700 1 2 _aCardenas, Teresa --
_tEl rey ratón /
_973141
830 0 _aDienteleche
_954956
999 _c44611
_d44611